000 00544nam a2200205Ia 4500
005 20250326144442.0
008 250326s9999 xx 000 0 und d
020 _a978-81-315-0773-5
037 _aTextbook
040 _aFMSL
_beng
_cFMSL
041 _aeng
_2eng
084 _aX:9 P8
_qFMSL
100 _aGatewood R D
_9749673
245 0 _aHuman resource selection
_cGatewood R D And Others
260 _aUS
_bUS, South Western
_c2008
300 _a607p
365 _b395
942 _cTB
_hX:9 P8
999 _c1303739
_d1303739